المدن الإسلامية المندرسة في شمال المغرب
محفوظ في:
المؤلف الرئيسي:
التنسيق: كتاب
اللغة: Undetermined
منشور في:
Morocco
Cremades
1959
الوسوم: إضافة وسم
لا توجد وسوم, كن أول من يضع وسما على هذه التسجيلة!
رقم الطلب: M20 MAKN
| LEADER | 00390nam a2200121Ia 4500 | ||
|---|---|---|---|
| 008 | 240404s9999||||xx |||||||||||||| ||und|| | ||
| 050 | 4 | |a M20 MAKN | |
| 100 | 1 | |a المكناسي، أحمد. | |
| 245 | 1 | 0 | |a المدن الإسلامية المندرسة في شمال المغرب |c المكناسي، أحمد |
| 264 | 1 | |a Morocco |b Cremades |c 1959 | |
| 300 | |a 10 |b Map |c 23 | ||
| 942 | |2 lcc |c BK | ||
| 999 | |c 57937 |d 57937 | ||
